000 00266nam a2200121Ia 4500
008 190216s9999||||xx |||||||||||||| ||und||
100 _aPottakadu S K
245 0 _aNishagandi
260 _bPoorna Pubs Kozhikode
300 _a95
650 _aKathakal
942 _cBK
999 _c28143
_d28143